[Event "NEP-ch Seniors 5th"]
[Site "Kathmandu"]
[Date "2022.11.06"]
[Round "5"]
[White "Gurung, Bijay"]
[Black "B K, Tirthbahadur"]
[Result "1-0"]
[WhiteElo "1724"]
[BlackElo "1742"]
[PlyCount "63"]
[EventDate "2022.11.05"]
[EventType "swiss"]
[EventRounds "7"]
[EventCountry "NEP"]
[SourceTitle "CBM 211 Extra"]
[Source "ChessBase"]
[SourceDate "2023.01.31"]
[SourceVersion "1"]
[SourceVersionDate "2023.01.31"]
[SourceQuality "1"]

1. d4 d5 2. c4 e6 3. Nc3 Nf6 4. a3 dxc4 5. e4 c5 6. d5 exd5 7. exd5 Bd6 8. Bxc4 0-0 9. h3 Re8+ 10. Nge2 Nbd7 11. 0-0 Nb6 12. Ba2 c4 13. Bg5 Bf5 14. Rc1 h6 15. Be3 Nbxd5 16. Nxd5 Nxd5 17. Bxc4 Nxe3 18. fxe3 Be6 19. Qb3 Bxc4 20. Qxc4 Qe7 21. Rf3 Rf8 22. Rcf1 Rac8 23. Qd3 Rcd8 24. Qc4 Bc5 25. Nd4 Rd7 26. b4 Bb6 27. Nf5 Qe5 28. Qg4 Rc7 29. Nxh6+ Kh8 30. Nf5 Rc3 31. Qh5+ Kg8 32. Nh6+ 1-0

[Event "NEP-ch Seniors 5th"]
[Site "Kathmandu"]
[Date "2022.11.06"]
[Round "4"]
[White "Gurung, Bijay"]
[Black "Tandukar, Nabin"]
[Result "0-1"]
[WhiteElo "1724"]
[BlackElo "1812"]
[PlyCount "26"]
[EventDate "2022.11.05"]
[EventType "swiss"]
[EventRounds "7"]
[EventCountry "NEP"]
[SourceTitle "CBM 211 Extra"]
[Source "ChessBase"]
[SourceDate "2023.01.31"]
[SourceVersion "1"]
[SourceVersionDate "2023.01.31"]
[SourceQuality "1"]

1. d4 Nf6 2. c4 g6 3. Nc3 c5 4. d5 d6 5. h3 Bg7 6. Nf3 Na6 7. a3 Nc7 8. Bg5 h6 9. Bxf6 Bxf6 10. e3 a6 11. Bd3 Bd7 12. Qc2 b5 13. 0-0 Rb8 0-1

[Event "Hyderabad op 3rd"]
[Site "Hyderabad"]
[Date "2019.08.20"]
[Round "1"]
[White "Pranav, V."]
[Black "Gurung, Bijay"]
[Result "1-0"]
[WhiteElo "2316"]
[BlackElo "1772"]
[PlyCount "87"]
[EventDate "2019.08.20"]
[EventType "swiss"]
[EventRounds "10"]
[EventCountry "IND"]
[SourceTitle "EXT 2020"]
[Source "ChessBase"]
[SourceDate "2019.10.17"]
[SourceVersion "1"]
[SourceVersionDate "2019.10.17"]
[SourceQuality "1"]

1. e4 c5 2. Nf3 Nc6 3. Bb5 a6 4. Bxc6 bxc6 5. 0-0 e6 6. e5 d5 7. exd6 Bxd6 8. d3 h6 9. Nc3 Nf6 10. Re1 0-0 11. Ne4 Nxe4 12. dxe4 Be7 13. Qe2 Qc7 14. e5 a5 15. Bd2 Ba6 16. c4 Rad8 17. Bc3 Rd5 18. Rec1 Rfd8 19. Qe1 Rd3 20. Bxa5 Qb7 21. Bxd8 Bxd8 22. Qe2 Rd5 23. Qc2 Rd7 24. Rd1 Be7 25. Rxd7 Qxd7 26. Rd1 Qc7 27. Qa4 Bc8 28. a3 f6 29. Qc2 Bd7 30. h4 Be8 31. exf6 Bxf6 32. b4 cxb4 33. axb4 Qf4 34. Qe2 Bf7 35. b5 c5 36. b6 e5 37. b7 e4 38. Nd2 Bd4 39. Nxe4 Kh7 40. Ng3 Bg6 41. h5 Bf7 42. Qe4+ Qxe4 43. Nxe4 Be5 44. Nd6 1-0